ARRUPE JESUIT UNIVERSITY

CORONAVIRUS -STOP THE SPREAD - CLEAN,DISINFECT,COVER

The linguistic turn in hermeneutic philosophy / (Record no. 123965)

MARC details
000 -LEADER
fixed length control field 01532cam a22003734a 4500
001 - CONTROL NUMBER
control field 4048518
003 - CONTROL NUMBER IDENTIFIER
control field ARRUPE
005 - DATE AND TIME OF LATEST TRANSACTION
control field 20160203122512.0
008 - FIXED-LENGTH DATA ELEMENTS--GENERAL INFORMATION
fixed length control field 990419s1999 mau b 001 0 eng
010 ## - LIBRARY OF CONGRESS CONTROL NUMBER
LC control number 99023900
020 ## - INTERNATIONAL STANDARD BOOK NUMBER
International Standard Book Number 0262122170 (hardcover : alk. paper)
040 ## - CATALOGING SOURCE
Original cataloging agency DLC
Transcribing agency DLC
Modifying agency DLC
041 1# - LANGUAGE CODE
Language code of text/sound track or separate title eng
Language code of original and/or intermediate translations of text spa
042 ## - AUTHENTICATION CODE
Authentication code pcc
050 00 - LIBRARY OF CONGRESS CALL NUMBER
Classification number B3187
Item number .L3413 1999
082 00 - DEWEY DECIMAL CLASSIFICATION NUMBER
Classification number 121/.68
Edition number 21
300 ## - PHYSICAL DESCRIPTION
Dimensions 23 cm.
100 1# - MAIN ENTRY--PERSONAL NAME
Personal name Lafont, Cristina,
Dates associated with a name 1963-
9 (RLIN) 21586
240 10 - UNIFORM TITLE
Uniform title <a href="Razón como lenguaje.">Razón como lenguaje.</a>
Language of a work English
245 14 - TITLE STATEMENT
Title The linguistic turn in hermeneutic philosophy /
Statement of responsibility, etc Cristina Lafont ; translated by José Medina.
260 ## - PUBLICATION, DISTRIBUTION, ETC. (IMPRINT)
Place of publication, distribution, etc Cambridge, Mass. :
Name of publisher, distributor, etc MIT Press,
Date of publication, distribution, etc c1999.
300 ## - PHYSICAL DESCRIPTION
Extent xviii, 377 p. ;
440 #0 - SERIES STATEMENT/ADDED ENTRY--TITLE
Title Studies in contemporary German social thought
9 (RLIN) 21587
504 ## - BIBLIOGRAPHY, ETC. NOTE
Bibliography, etc Includes bibliographical references (p. [361]-373) and index.
650 #0 - SUBJECT ADDED ENTRY--TOPICAL TERM
Topical term or geographic name as entry element Language and languages
General subdivision Philosophy
-- History
Chronological subdivision 19th century.
9 (RLIN) 21588
650 #0 - SUBJECT ADDED ENTRY--TOPICAL TERM
Topical term or geographic name as entry element Hermeneutics
General subdivision History
Chronological subdivision 19th century.
9 (RLIN) 21589
650 #0 - SUBJECT ADDED ENTRY--TOPICAL TERM
Topical term or geographic name as entry element Philosophy, German
Chronological subdivision 19th century.
9 (RLIN) 1664
650 #0 - SUBJECT ADDED ENTRY--TOPICAL TERM
Topical term or geographic name as entry element Language and languages
General subdivision Philosophy
-- History
Chronological subdivision 20th century.
9 (RLIN) 21590
650 #0 - SUBJECT ADDED ENTRY--TOPICAL TERM
Topical term or geographic name as entry element Hermeneutics
General subdivision History
Chronological subdivision 20th century.
9 (RLIN) 21591
650 #0 - SUBJECT ADDED ENTRY--TOPICAL TERM
Topical term or geographic name as entry element Philosophy, German
Chronological subdivision 20th century.
9 (RLIN) 16726
906 ## - LOCAL DATA ELEMENT F, LDF (RLIN)
a 7
b cbc
c orignew
d 1
e ocip
f 19
g y-gencatlg
942 ## - ADDED ENTRY ELEMENTS (KOHA)
Source of classification or shelving scheme Library of Congress Classification
Koha item type Monograph ( Printed materials)
Holdings
Withdrawn status Lost status Source of classification or shelving scheme Damaged status Not for loan Collection code Home library Current library Shelving location Date acquired Total Checkouts Full call number Barcode Date last seen Price effective from Koha item type
    Library of Congress Classification     Main Collection ARRUPE LIBRARY ARRUPE LIBRARY Main Collection 20/01/2016   B3187 .L3413 1999 46500005894 20/01/2016 20/01/2016 Monograph ( Printed materials)

 

Arrupe Library. PO Box MP320 Mt Pleasant, Harare, Zimbabwe
263 242 745411|librarian@aju.ac.zw